| 000 | 00589nam a2200217Ia 4500 | ||
|---|---|---|---|
| 003 | OSt | ||
| 005 | 20220928135533.0 | ||
| 006 | a|||||r|||| 00| 0 | ||
| 007 | ta | ||
| 008 | 220927b |||||||| |||| 00| 0 eng d | ||
| 024 | _a2889 | ||
| 037 | _cTextual | ||
| 040 |
_aSDCL _cSDCL _beng |
||
| 041 |
_2eng _aeng |
||
| 082 | _aO-,1L70:g, E1 | ||
| 100 |
_aGingerice Solomon F _9491311 |
||
| 245 | 0 |
_aWordsworth, Tennyson, and Browning _b A study in human freedom |
|
| 260 | _c1911 | ||
| 942 |
_hO-,1L70:g, E1 _cTEXL _2CC |
||
| 999 |
_c806698 _d806698 |
||